<?xml version="1.0" encoding="UTF-8"?>
<record
    xmlns:xsi="http://www.w3.org/2001/XMLSchema-instance"
    xsi:schemaLocation="http://www.loc.gov/MARC21/slim http://www.loc.gov/standards/marcxml/schema/MARC21slim.xsd"
    xmlns="http://www.loc.gov/MARC21/slim">

  <leader>02057nam a2200325uu 4500</leader>
  <controlfield tag="001">1460813</controlfield>
  <controlfield tag="005">20260508090951.0</controlfield>
  <controlfield tag="007">co|||||||</controlfield>
  <controlfield tag="008">170221s2017                        spa  </controlfield>
  <datafield tag="035" ind1=" " ind2=" ">
    <subfield code="a">1460813</subfield>
  </datafield>
  <datafield tag="040" ind1=" " ind2=" ">
    <subfield code="c">comduadb</subfield>
  </datafield>
  <datafield tag="041" ind1=" " ind2=" ">
    <subfield code="a">spa</subfield>
  </datafield>
  <datafield tag="080" ind1=" " ind2=" ">
    <subfield code="a">E/CD</subfield>
  </datafield>
  <datafield tag="082" ind1=" " ind2="4">
    <subfield code="a">622</subfield>
  </datafield>
  <datafield tag="100" ind1="1" ind2="0">
    <subfield code="a">Quintero R&#xFA;a, Alejandra</subfield>
    <subfield code="4">aut</subfield>
    <subfield code="e">aut</subfield>
    <subfield code="9">739005</subfield>
  </datafield>
  <datafield tag="245" ind1="1" ind2="0">
    <subfield code="a">Arqueolog&#xED;a de la miner&#xED;a : una mirada hacia la miner&#xED;a aluvial de oro practicada en el municipio de Guarne, Antioquia</subfield>
  </datafield>
  <datafield tag="260" ind1=" " ind2=" ">
    <subfield code="a">Medell&#xED;n :</subfield>
    <subfield code="b">Autor(a),</subfield>
    <subfield code="c">2017.</subfield>
  </datafield>
  <datafield tag="300" ind1=" " ind2=" ">
    <subfield code="a">1 CD-ROM</subfield>
  </datafield>
  <datafield tag="520" ind1="3" ind2=" ">
    <subfield code="a">RESUMEN: El presente trabajo realiza un acercamiento a los procesos mineros asociados a la miner&#xED;a aluvial de oro llevada a cabo en el municipio de Guarne, Antioquia, espec&#xED;ficamente sobre las quebradas La Mosca, Batea Seca y La Mej&#xED;a/Nogal, a la luz de los documentos hist&#xF3;ricos, la tradici&#xF3;n oral y el registro material arqueol&#xF3;gico. A lo largo del escrito se presenta un balance general de los actores, las t&#xE9;cnicas, los m&#xE9;todos, las herramientas empleadas en la miner&#xED;a aluvial de oro en Guarne y posteriormente se realiza una descripci&#xF3;n sobre la manera como se han visto reflejadas todas estas actividades relacionadas a la miner&#xED;a aluvial de oro en el paisaje. Para finalmente, y despu&#xE9;s de contrastar toda la informaci&#xF3;n encontrada intentar responder a preguntas tales como: &#xBF;Qui&#xE9;nes trabajaron este tipo de miner&#xED;a? &#xBF;en qu&#xE9; espacios la trabajaron? &#xBF;aproximadamente desde cu&#xE1;ndo ha sido trabajada? &#xBF;Cu&#xE1;l es el mundo simb&#xF3;lico y social asociado a ella? y &#xBF;Cu&#xE1;les fueron las implicaciones de este tipo de miner&#xED;a?</subfield>
  </datafield>
  <datafield tag="650" ind1=" " ind2="7">
    <subfield code="a">Arqueolog&#xED;a</subfield>
    <subfield code="2">armarc</subfield>
    <subfield code="9">42020</subfield>
  </datafield>
  <datafield tag="650" ind1=" " ind2=" ">
    <subfield code="a">Minas de aluvi&#xF3;n</subfield>
    <subfield code="9">95948</subfield>
  </datafield>
  <datafield tag="650" ind1=" " ind2=" ">
    <subfield code="a">Miner&#xED;a de aluvi&#xF3;n</subfield>
    <subfield code="9">192752</subfield>
  </datafield>
  <datafield tag="650" ind1=" " ind2="7">
    <subfield code="a">Minas de oro</subfield>
    <subfield code="z">Antioquia (Colombia)</subfield>
    <subfield code="2">lemb</subfield>
    <subfield code="9">4015</subfield>
  </datafield>
  <datafield tag="650" ind1=" " ind2=" ">
    <subfield code="a">Guarne (Antioquia)</subfield>
    <subfield code="9">50585</subfield>
  </datafield>
  <datafield tag="700" ind1="1" ind2="0">
    <subfield code="a">Castillo Espitia, Neyla</subfield>
    <subfield code="4">ths</subfield>
    <subfield code="e">ths</subfield>
    <subfield code="9">477144</subfield>
  </datafield>
  <datafield tag="856" ind1="4" ind2=" ">
    <subfield code="u">https://bibliotecadigital.udea.edu.co/handle/10495/14043</subfield>
  </datafield>
  <datafield tag="942" ind1=" " ind2=" ">
    <subfield code="c">TESIS</subfield>
  </datafield>
  <datafield tag="999" ind1=" " ind2=" ">
    <subfield code="c">752163</subfield>
    <subfield code="d">752163</subfield>
  </datafield>
  <datafield tag="502" ind1=" " ind2=" ">
    <subfield code="b">103</subfield>
    <subfield code="c">12</subfield>
  </datafield>
  <datafield tag="526" ind1=" " ind2=" ">
    <subfield code="a">104</subfield>
  </datafield>
  <datafield tag="952" ind1=" " ind2=" ">
    <subfield code="0">0</subfield>
    <subfield code="1">0</subfield>
    <subfield code="4">0</subfield>
    <subfield code="7">0</subfield>
    <subfield code="8">TESDIGBC</subfield>
    <subfield code="a">BC</subfield>
    <subfield code="b">BC</subfield>
    <subfield code="d">2017-02-21</subfield>
    <subfield code="e">Material adquirido por donaci&#xF3;n</subfield>
    <subfield code="i">C1258546</subfield>
    <subfield code="l">0</subfield>
    <subfield code="o">622.3 Q7 CD-ROM</subfield>
    <subfield code="p">1020583</subfield>
    <subfield code="r">2023-05-03 00:00:00</subfield>
    <subfield code="t">1</subfield>
    <subfield code="w">2023-05-03</subfield>
    <subfield code="y">DIGITAL</subfield>
  </datafield>
  <datafield tag="952" ind1=" " ind2=" ">
    <subfield code="0">0</subfield>
    <subfield code="1">0</subfield>
    <subfield code="4">0</subfield>
    <subfield code="7">0</subfield>
    <subfield code="8">DIGITAL</subfield>
    <subfield code="a">CISH</subfield>
    <subfield code="b">CISH</subfield>
    <subfield code="d">2017-05-11</subfield>
    <subfield code="e">Material adquirido por donaci&#xF3;n</subfield>
    <subfield code="i">C1262057</subfield>
    <subfield code="l">0</subfield>
    <subfield code="o">E/CD-12116</subfield>
    <subfield code="p">15987696</subfield>
    <subfield code="r">2023-05-03 00:00:00</subfield>
    <subfield code="t">2</subfield>
    <subfield code="w">2023-05-03</subfield>
    <subfield code="y">DIGITAL</subfield>
  </datafield>
</record>
